Statystyki dla Wszystkie Tanki w Overwatch 2

Kliknij tutaj aby rozwiązać quiz!

Ogólne statystyki

  • Ten quiz został rozwiązany 36 razy
  • Średni wynik to 8 z 10

Statystyki odpowiedzi

Tanki% Poprawnych
D.va
92%
Orisa
84%
Pieść zagłady
84%
Burzyciel
76%
Wieprzu
76%
Zaria
76%
Reinhardt
72%
Sigma
72%
Królowa
68%
Winston
68%

Rozkład punktacji

Percentyl według liczby udzielonych odpowiedzi

Procent ludzi z każdym wynikiem

Twoja historia wyników

Nie rozwiązałeś tego quizu